01078 a2200181 45000010006000000050017000060080041000230030015000640400040000790800038001192450054001572640043002113000019002545050552002730410008008251000034008337000029008674301120260407155715.0260407a1972 arg spa dAR-UNSa-BCEJYS aAR-UNSa-BCEJYSbspacAR-UNSa-BCEJYS a911.3:33xGeografía económica10aTratado de geografía económicapprimera parte 1aBuenos Aires :bEdiciones Macchic1972 a694 p.c22 cm. ao. Introducción - 1. Bases doctrinarias - 2. Principios generales en que se basa la geografia económica - 3. Fundamentos teleológicos del proceso o actividad económica - 4. Los condicionantes fisiogeográficos o naturales del proceso o actividad económica. Concepto. Clasificación - 5. El hombre y el proceso productivo - 6. El instrumental económico y el instrumental financiero - 7. La infraestructura energética - 8. El agua. Su trascendencia humana y económica - 9. Infraestructura para el transporte y las comunicaciones -  aspa1 aDozo, Servando Ramón Manuel1 aGarcía Firbeda, Miguel